00910nam a22001697a 4500003000900000005001700009008004100026040001300067110002900080245019000109260005800299300004000357500011100397650005000508651005000558856013200608BR-ViAPE20260422115919.0260422s1907 por gs||||s000 0 por d cBR-ViAPE aEspírito SantobEstado aMensagem apresentada ao Congresso Legislativo na abertura da primeira sessão da sexta legislatura pelo Presidente do Estado Coronel Henrique da Silva Coutinho em 7 de setembro de 1907 aVitóriabPapelaria e Typographia Nelson Costac1907 a28 p.bDocumento digitalizado (PDF) aDocumento digitalizado do acervo institucional do Arquivo Público do Estado do Espírito Santo - APEES. aAdministração públicazEspírito Santo aEspírito SantoxAdministração pública uhttps://ape.es.gov.br/Media/ape/PDF/Mensagens/Mensagem-2024/Mensagem%20-%20ano%201907.pdfyCLIQUE AQUI PARA ACESSAR O DOCUMENTO